Railway Engineering (Record no. 60493)

MARC details
000 -LEADER
fixed length control field 00424nam a2200181Ia 4500
008 - FIXED-LENGTH DATA ELEMENTS--GENERAL INFORMATION
fixed length control field 230524s9999 xx 000 0 und d
020 ## - INTERNATIONAL STANDARD BOOK NUMBER
ISBN 9789385039164
082 ## - DEWEY DECIMAL CLASSIFICATION NUMBER
Classification number 625.1
Item number RAN
100 ## - MAIN ENTRY--AUTHOR NAME
Personal name S.C.Rangwala
245 #0 - TITLE STATEMENT
Title Railway Engineering
250 ## - EDITION STATEMENT
Edition statement 26
260 ## - PUBLICATION, DISTRIBUTION, ETC. (IMPRINT)
Place of publication Gujurat
Name of publisher Charotar
Year of publication 2016
300 ## - PHYSICAL DESCRIPTION
Number of Pages "xvi,431p;"
500 ## - GENERAL NOTE
General note Quantity Number: 5
650 ## - SUBJECT ADDED ENTRY--TOPICAL TERM
Topical Term Civil
700 ## - ADDED ENTRY--PERSONAL NAME
Personal name Ketki B.Dalal
942 ## - ADDED ENTRY ELEMENTS (KOHA)
Koha item type Books
Holdings
Lost status Damaged status Permanent Location Current Location Shelving location Date acquired Full call number Accession Number Koha item type
    Central Library, Trident Academy of Technology Central Library, Trident Academy of Technology General Stacks 05/24/2023 625.1 RAN 58597 Books
    Central Library, Trident Academy of Technology Central Library, Trident Academy of Technology General Stacks 05/24/2023 625.1 RAN 58598 Books
    Central Library, Trident Academy of Technology Central Library, Trident Academy of Technology General Stacks 05/24/2023 625.1 RAN 58599 Books
    Central Library, Trident Academy of Technology Central Library, Trident Academy of Technology General Stacks 05/24/2023 625.1 RAN 58600 Books
    Central Library, Trident Academy of Technology Central Library, Trident Academy of Technology General Stacks 05/24/2023 625.1 RAN 58601 Books
Trident Academy of Technology © 2023.
All rights reserved.                                                                                                                                                                                                        Designed by Team of Central Library .

Powered by Koha